| 000 | 01016naa a22003137a 4500 | ||
|---|---|---|---|
| 001 | BR7303432 | ||
| 003 | BR-BrBNA | ||
| 005 | 20240918173453.0 | ||
| 007 | ta | ||
| 008 | 230509b bl.||||| |||| 00| 0 por d | ||
| 040 |
_aBR-BrBNA _bpor _cBiblioteca Nacional de Agricultura |
||
| 041 | _a(Pt) | ||
| 072 |
_aF25 _b2110 |
||
| 090 | _aF25 BR7303432 | ||
| 100 | 1 | _aMiranda, E.M. | |
| 100 | 1 | _aSantos, J.A.M. dos | |
| 111 | 1 |
_a4. Semana do Fazendeiro _cUrucuca, BA (Brazil) _d23 Sep 1968 |
|
| 245 | 1 | _aAdubacao do cacaueiro, sua importancia e recomendacoes | |
| 260 | 3 |
_aIlheus, BA (Brasil): _c1968. |
|
| 500 | _aAgenda da 4. Semana do Fazendeiro Ilheus, BA (Brasil): 1968. p. 26-32 (BR7303432-AM)F25 | ||
| 650 | _aFERTILIDADE DO SOLO | ||
| 650 | _aFERTILIZANTE | ||
| 650 | _aNUTRICAO VEGETAL | ||
| 650 | _aCACAU | ||
| 650 | _aADUBACAO | ||
| 773 | 0 |
_tAgenda da 4. Semana do Fazendeiro _wF25 BR7303432 _gIlheus, BA (Brasil), 1968. p. 26-32 |
|
| 909 |
_a202404 _bLucia _c55 _dLucia Elande |
||
| 942 |
_cAM _2AGRIS |
||
| 999 |
_c304791 _d304791 |
||